Microsoft Visual Basic 5.0 : Programmer`s guide

Salvato in:
Dettagli Bibliografici
Natura: Libro
Lingua:inglese
Pubblicazione: Redmond : Microsoft Press, 1997
Soggetti:
Tags: Aggiungi Tag
Nessun Tag, puoi essere il primo ad aggiungerne!!

MARC

LEADER 00000nam a22000003a 4500
001 stu33207
005 20141122015803.8
008 980813s1997------------------------eng-d
020 |a 1-57231-604-7 
040 |a STU  |b slo 
041 0 |a eng 
080 |a 681.32.06 VISUAL BASIC  |7 stu_us_auth*stu4143 
080 |a 519.68 
084 |a C6110V  |2 INS 
084 |a C6100  |2 INS 
084 |a C6140D  |2 INS 
245 |a Microsoft Visual Basic 5.0 : Programmer`s guide 
260 |a Redmond :  |b Microsoft Press,  |c 1997 
300 |a 898 s 
650 7 |a programovacie jazyky  |2 stusub 
650 7 |a programovanie  |2 stusub 
996 |b E82106  |c E*82106  |l EE11  |s P  |a 0  |w stu33207_0001